000 01612nam a2200217 4500
001 8059
005 20181127185002.0
010 0 0 _a
020 0 0 _a9789991796147
090 0 0 _a292.13
100 0 0 _aYunos, Rozan.
245 0 0 _aMonsters, dragons and fairies :
_bmyths and legends from Borneo and Brunei /
_cRozan Yunos.
_h
260 0 0 _aBrunei Darussalam :
_bHaji Mohd Rozan bin Dato Paduka Haji Mohd Yunos,
_c2017.
300 0 0 _a114 pages : illustrations, 1 map, portraits ; 22 cm.
505 _aCONTENTS: Brunei lore's samurai, geneis and fairies -- 2. The art of Diangdangan : an art from the fairies -- 3. Mount Santubong and the Brunei legend -- 4. Tales of bananas, dragons and tigers -- 5. The dragon of Mount Kinabalu -- 6. The ghostly spirits of the Alai Bubu dance -- 7. Borneo's fearsome Loch Ness Monster -- 8. Si Tanggang and the theory of human origins -- 9. Kampong tanjung nangka : legend trove -- 10. Origin of place names in meragang -- 11. The Chinese lion dance -- 12. The legendary origins of Pai Ti Kong celebration -- 13. Saved by the fairy princesses : legends from Lundu -- 14. The origin of the Pontianak -- 15. Spirits at the golf course -- 16. Kota Saranjana : the magical city of Borneo -- 17. Borneo's Bermuda Triangle.
_g
_r
_t
520 _aA compilation of unpublished and selected published articles originally written by the author for "The Golden Legacy", a weekly column on one of Brunei's former national newspaper, The Brunei Times.
650 0 0 _aLegends -- Borneo.
_x
650 0 0 _aLegends -- Brunei.
_x
650 0 0 _aMythology.
_x
999 _c6939
_d6939